[Event "Madrid-ch Veteranos 2016/2017"]
[Site "Madrid ESP"]
[Date "2017.01.09"]
[Round "1.1"]
[White "Elissalt Cardenas, Hector"]
[Black "Lopez Orellana, Federico"]
[Result "1-0"]
[WhiteElo "2379"]
[BlackElo "1756"]
[PlyCount "85"]
[EventDate "2017.01.09"]
[EventType "swiss"]
[EventRounds "9"]
[EventCountry "ESP"]
[SourceTitle "Ajedrez en Madrid"]
[Source "lmi"]
[SourceDate "2017.01.09"]

1. d4 d5 2. Nc3 f5 3. Bf4 c6 4. e3 Nf6 5. Nf3 e6 6. a3 Bd6 7. Bxd6 Qxd6 8. Ne5
Nbd7 9. f4 O-O 10. Bd3 Ne4 11. Bxe4 fxe4 12. O-O Qe7 13. Qg4 Nxe5 14. fxe5 Bd7
15. Ne2 Rxf1+ 16. Rxf1 Rf8 17. Rxf8+ Qxf8 18. Nf4 Qf5 19. Qh4 Qf8 20. g4 a5 21.
Qg3 b5 22. Qe1 b4 23. axb4 axb4 24. Qa1 Qd8 25. h3 Qc8 26. Qa7 Be8 27. Qe7 Bf7
28. g5 Qf8 29. Qd7 Qe8 30. Qxe8+ Bxe8 31. Nxe6 Bd7 32. Nf4 Kf7 33. Kf2 Bf5 34.
Ke1 Ke7 35. Kd2 Kd7 36. c3 bxc3+ 37. Kxc3 h6 38. h4 hxg5 39. hxg5 g6 40. Kb4
Kc7 41. Kc5 Kd7 42. Kb6 Bg4 43. Nxg6 1-0

[Event "Madrid-ch Veteranos 2016/2017"]
[Site "Madrid ESP"]
[Date "2017.01.09"]
[Round "1.2"]
[White "Hernandez Garcia, Carlos"]
[Black "Nunez Munoz, Jesus"]
[Result "0-1"]
[WhiteElo "1735"]
[BlackElo "2186"]
[PlyCount "104"]
[EventDate "2017.01.09"]
[EventType "swiss"]
[EventRounds "9"]
[EventCountry "ESP"]
[SourceTitle "Ajedrez en Madrid"]
[Source "lmi"]
[SourceDate "2017.01.09"]

1. e4 c6 2. d4 d5 3. exd5 cxd5 4. Nf3 Bf5 5. Bb5+ Nc6 6. Ne5 Bd7 7. Nxd7 Qxd7
8. c4 e6 9. O-O Nf6 10. Nc3 Be7 11. Bg5 O-O 12. Re1 h6 13. Bxf6 Bxf6 14. Qg4
Rfd8 15. c5 Qc7 16. Rad1 Rac8 17. Re3 Nxd4 18. Rxd4 Qxc5 19. Red3 a6 20. Ba4 b5
21. Bb3 Bxd4 22. Qxd4 b4 23. Qxc5 Rxc5 24. Ne2 a5 25. Kf1 Ra8 26. Ba4 Rac8 27.
Ke1 g5 28. Kd1 Kg7 29. Rd2 h5 30. Rc2 e5 31. Rxc5 Rxc5 32. Kd2 h4 33. h3 f5 34.
Kd3 Kf6 35. Bb3 Ke6 36. Kd2 Rc8 37. Nc1 Kd6 38. Bc2 e4 39. Nb3 Ra8 40. Nd4 Rf8
41. Ba4 f4 42. f3 Rc8 43. Bc2 Ke5 44. Ne2 Ra8 45. Ba4 Rc8 46. Bc2 Rf8 47. Ba4
Rf7 48. Bb3 Rf6 49. Bc2 Rf8 50. Bb3 g4 51. hxg4 exf3 52. gxf3 h3 0-1

[Event "Madrid-ch Veteranos 2016/2017"]
[Site "Madrid ESP"]
[Date "2017.01.09"]
[Round "1.3"]
[White "Sanchez Garcia, Aurelio"]
[Black "Camarero Izquierdo, Juan Carlos"]
[Result "1-0"]
[WhiteElo "2131"]
[BlackElo "1732"]
[PlyCount "117"]
[EventDate "2017.01.09"]
[EventType "swiss"]
[EventRounds "9"]
[EventCountry "ESP"]
[SourceTitle "Ajedrez en Madrid"]
[Source "lmi"]
[SourceDate "2017.01.09"]

1. Nf3 d5 2. e3 Bg4 3. c4 Bxf3 4. Qxf3 e6 5. Nc3 c6 6. d4 Nd7 7. Bd3 Ngf6 8.
O-O Bd6 9. e4 dxe4 10. Nxe4 Nxe4 11. Bxe4 Qc7 12. h3 O-O 13. Bg5 Rae8 14. c5
Be7 15. Bf4 Qa5 16. b4 Qd8 17. Rfd1 Nf6 18. b5 Nxe4 19. Qxe4 Qd5 20. Qxd5 exd5
21. bxc6 bxc6 22. Rab1 g5 23. Bc7 Ra8 24. Re1 Bf6 25. Be5 Kg7 26. Rb7 a5 27.
Bxf6+ Kxf6 28. Rc7 Rfc8 29. Ree7 Rxc7 30. Rxc7 Ra6 31. g4 Ke6 32. Kg2 a4 33. a3
h6 34. Kf1 f5 35. Rh7 fxg4 36. hxg4 Ra5 37. Rxh6+ Kd7 38. Rg6 Rb5 39. Rxg5 Rb3
40. Rg7+ Kd8 41. Ra7 Rxa3 42. Kg2 Ra1 43. Kg3 a3 44. Kf4 a2 45. f3 Rd1 46. Rxa2
Rxd4+ 47. Ke5 Rd1 48. Kd6 Ke8 49. Kxc6 d4 50. Ra8+ Ke7 51. Ra7+ Ke8 52. Rd7 d3
53. Rd4 d2 54. Kd6 Kd8 55. Ke5+ Kc7 56. Kf4 Kc6 57. Ke3 Kxc5 58. Rxd2 Rg1 59.
Kf4 1-0

[Event "Madrid-ch Veteranos 2016/2017"]
[Site "Madrid ESP"]
[Date "2017.01.09"]
[Round "1.4"]
[White "Martinez Martinez, Javier Ii"]
[Black "Casares Ripoll, Fernando"]
[Result "0-1"]
[WhiteElo "1711"]
[BlackElo "2124"]
[PlyCount "108"]
[EventDate "2017.01.09"]
[EventType "swiss"]
[EventRounds "9"]
[EventCountry "ESP"]
[SourceTitle "Ajedrez en Madrid"]
[Source "lmi"]
[SourceDate "2017.01.09"]

1. d4 d5 2. Nf3 c5 3. e3 Nf6 4. c4 cxd4 5. exd4 Nc6 6. cxd5 Nxd5 7. Nc3 e6 8.
a3 Be7 9. Bd3 a6 10. O-O O-O 11. Qc2 h6 12. Ne2 Bd7 13. b4 Rc8 14. Qb3 Na7 15.
Bd2 Bb5 16. Rac1 Bxd3 17. Qxd3 Qb6 18. Ne5 Qb5 19. Qf3 Nc6 20. Nxc6 Rxc6 21.
Rxc6 Qxc6 22. Rc1 Qd7 23. Qd3 Rc8 24. g3 b5 25. Rxc8+ Qxc8 26. Nf4 Qc6 27. Nxd5
Qxd5 28. Qc3 Qc4 29. Qxc4 bxc4 30. a4 Kf8 31. Kf1 Ke8 32. Ke2 Kd7 33. Ke3 f5
34. h4 Kc6 35. Bc3 g6 36. f3 Kd5 37. Be1 Bf6 38. Bc3 Bd8 39. Be1 Bb6 40. Bc3 e5
41. Ke2 exd4 42. Bd2 h5 43. Bc1 Bc7 44. Bf4 Bxf4 45. gxf4 c3 46. Kd3 c2 47.
Kxc2 Kc4 48. b5 axb5 49. a5 Kc5 50. Kd3 b4 51. a6 Kb6 52. Kc4 d3 53. Kxd3 Kxa6
54. Kc4 Ka5 0-1

[Event "Madrid-ch Veteranos 2016/2017"]
[Site "Madrid ESP"]
[Date "2017.01.09"]
[Round "1.5"]
[White "Pastor Alonso de Prado, Emilio Alberto"]
[Black "Martinez De La Puente, Ignacio"]
[Result "1-0"]
[WhiteElo "2113"]
[BlackElo "1706"]
[PlyCount "92"]
[EventDate "2017.01.09"]
[EventType "swiss"]
[EventRounds "9"]
[EventCountry "ESP"]
[SourceTitle "Ajedrez en Madrid"]
[Source "lmi"]
[SourceDate "2017.01.09"]

1. e4 e6 2. d4 d5 3. e5 c5 4. c3 Nc6 5. Nf3 cxd4 6. cxd4 Bd7 7. Nc3 Bb4 8. Bd3
Nge7 9. O-O Ng6 10. g3 a6 11. h4 Qb6 12. h5 Nge7 13. Na4 Qd8 14. a3 b5 15. Nc5
Bxc5 16. dxc5 Na5 17. h6 g6 18. Bg5 Qc7 19. Bf6 Rg8 20. g4 Nac6 21. Re1 O-O-O
22. Ng5 Nf5 23. gxf5 gxf5 24. f4 Rg6 25. Kf2 Rxf6 26. exf6 Qxf4+ 27. Nf3 e5 28.
Qd2 Qxd2+ 29. Nxd2 e4 30. Bf1 f4 31. Nxe4 dxe4 32. Rxe4 Bf5 33. Rxf4 Bg6 34.
Re1 Bh5 35. Bg2 Nd4 36. Re7 Ne6 37. Bh3 Rd2+ 38. Kg3 Rd3+ 39. Kg2 Rxh3 40. Rxe6
Rb3 41. Re8+ Kd7 42. Re7+ Kc6 43. Rf2 Bg6 44. Re5 a5 45. Rd2 b4 46. a4 Bh5 1-0

[Event "Madrid-ch Veteranos 2016/2017"]
[Site "Madrid ESP"]
[Date "2017.01.09"]
[Round "1.6"]
[White "Calderon Martin, Antonio"]
[Black "Kejo, Janne"]
[Result "1/2-1/2"]
[WhiteElo "1699"]
[BlackElo "2059"]
[PlyCount "76"]
[EventDate "2017.01.09"]
[EventType "swiss"]
[EventRounds "9"]
[EventCountry "ESP"]
[SourceTitle "Ajedrez en Madrid"]
[Source "lmi"]
[SourceDate "2017.01.09"]

1. e4 e6 2. d4 d5 3. e5 c5 4. c3 Qa5 5. a3 Nc6 6. Nf3 Bd7 7. Be2 c4 8. Nbd2 h6
9. O-O Nge7 10. Bxc4 Nc8 11. Be2 Qc7 12. b4 a6 13. Bb2 N6a7 14. Rc1 b5 15. Nb3
Nb6 16. Nc5 Nac8 17. Ne1 a5 18. Bd3 a4 19. f4 g6 20. Rc2 Na7 21. g4 O-O-O 22.
Qf3 h5 23. h3 hxg4 24. hxg4 Be7 25. f5 gxf5 26. gxf5 Rdg8+ 27. Rg2 Qc6 28. f6
Bxc5 29. bxc5 Nc4 30. Bxc4 bxc4 31. Nc2 Kc7 32. Nb4 Qa8 33. Rff2 Qd8 34. Rxg8
Qxg8+ 35. Rg2 Qh7 36. Kf2 Qb1 37. Kg3 Qh1 38. Kf2 Rh4 1/2-1/2

[Event "Madrid-ch Veteranos 2016/2017"]
[Site "Madrid ESP"]
[Date "2017.01.09"]
[Round "1.7"]
[White "Martin Rodriguez, Emilio"]
[Black "De Juan Rivas, Antonio"]
[Result "1/2-1/2"]
[WhiteElo "2056"]
[BlackElo "1682"]
[PlyCount "70"]
[EventDate "2017.01.09"]
[EventType "swiss"]
[EventRounds "9"]
[EventCountry "ESP"]
[SourceTitle "Ajedrez en Madrid"]
[Source "lmi"]
[SourceDate "2017.01.09"]

1. d4 Nf6 2. c4 g6 3. Nc3 Bg7 4. e4 d6 5. Nf3 O-O 6. Be2 c5 7. d5 a6 8. a4 e5
9. dxe6 Bxe6 10. O-O Nc6 11. h3 Na5 12. Nd2 Nd7 13. Nd5 Nb6 14. Rb1 Nc6 15. Nf3
Nd4 16. Bd3 Nxf3+ 17. Qxf3 Nxa4 18. Bd2 Nxb2 19. Be2 Bxd5 20. exd5 Re8 21. Rfe1
Qf6 22. Qb3 Rab8 23. Rbc1 Qf5 24. g4 Qe4 25. Bf1 Qd4 26. Rxe8+ Rxe8 27. Bc3 Qf4
28. Qxb2 Bxc3 29. Qxc3 Qe5 30. Qb3 Re7 31. Qb6 h5 32. gxh5 Qg5+ 33. Kh2 Qf4+
34. Kg1 Qg5+ 35. Kh2 Qf4+ 1/2-1/2

[Event "Madrid-ch Veteranos 2016/2017"]
[Site "Madrid ESP"]
[Date "2017.01.09"]
[Round "1.8"]
[White "Martinez Pintor, Juan"]
[Black "Lopez De Turiso, Jose Angel"]
[Result "0-1"]
[WhiteElo "1664"]
[BlackElo "2019"]
[PlyCount "26"]
[EventDate "2017.01.09"]
[EventType "swiss"]
[EventRounds "9"]
[EventCountry "ESP"]
[SourceTitle "Ajedrez en Madrid"]
[Source "lmi"]
[SourceDate "2017.01.09"]

1. d4 f5 2. Nf3 Nf6 3. e3 d6 4. Bd3 g6 5. c3 Bg7 6. Nbd2 Nc6 7. O-O e5 8. dxe5
Nxe5 9. Nxe5 dxe5 10. Bc4 Qe7 11. Qb3 Nd7 12. Be6 Nc5 13. Bf7+ Qxf7 0-1

[Event "Madrid-ch Veteranos 2016/2017"]
[Site "Madrid ESP"]
[Date "2017.01.09"]
[Round "1.9"]
[White "Cabanas Bravo, Juan Andres"]
[Black "Rodriguez Bachiller, Luis"]
[Result "1-0"]
[WhiteElo "2008"]
[BlackElo "1657"]
[PlyCount "79"]
[EventDate "2017.01.09"]
[EventType "swiss"]
[EventRounds "9"]
[EventCountry "ESP"]
[SourceTitle "Ajedrez en Madrid"]
[Source "lmi"]
[SourceDate "2017.01.09"]

1. e4 c6 2. Nc3 e6 3. d4 Bb4 4. Bd2 Nf6 5. Bd3 d6 6. Nf3 Nbd7 7. a3 Ba5 8. e5
dxe5 9. Nxe5 Nxe5 10. dxe5 Nd5 11. Ne4 Bxd2+ 12. Qxd2 O-O 13. O-O-O Qc7 14. c4
Ne7 15. Qg5 Ng6 16. f4 Qe7 17. Qg3 Qh4 18. Qxh4 Nxh4 19. Rd2 b6 20. Nd6 Ba6 21.
Be4 Ng6 22. Bxc6 Rad8 23. g3 Ne7 24. Be4 Nc8 25. b3 Rd7 26. Nxc8 Bxc8 27. Rxd7
Bxd7 28. Rd1 Bc8 29. Kb2 f6 30. exf6 gxf6 31. Kc3 e5 32. f5 Kf7 33. Kb4 Ke7 34.
Kb5 Rd8 35. Rxd8 Kxd8 36. Kc6 Ba6 37. g4 h6 38. h4 Ke7 39. Kc7 Ke8 40. Kb8 1-0

[Event "Madrid-ch Veteranos 2016/2017"]
[Site "Madrid ESP"]
[Date "2017.01.09"]
[Round "1.10"]
[White "Bellagamba, Pascal"]
[Black "Lorenzo Bailador, Alfredo"]
[Result "0-1"]
[WhiteElo "1656"]
[BlackElo "1999"]
[PlyCount "46"]
[EventDate "2017.01.09"]
[EventType "swiss"]
[EventRounds "9"]
[EventCountry "ESP"]
[SourceTitle "Ajedrez en Madrid"]
[Source "lmi"]
[SourceDate "2017.01.09"]

1. e4 e5 2. Nc3 Nf6 3. Bc4 Nxe4 4. Bxf7+ Kxf7 5. Nxe4 d5 6. Qh5+ Kg8 7. Ng3 Nc6
8. d3 Be6 9. Nh3 Qe8 10. Bd2 Bc5 11. Ng5 Qxh5 12. Nxh5 Bg4 13. Ng3 h6 14. f3
Bd7 15. Nh3 Nd4 16. O-O-O Nxf3 17. Rdf1 Nh4 18. Bc3 Be3+ 19. Kd1 Bg4+ 20. Ne2
d4 21. Bb4 Nxg2 22. Nf2 Bxf2 23. Rxf2 Nh4 0-1

[Event "Madrid-ch Veteranos 2016/2017"]
[Site "Madrid ESP"]
[Date "2017.01.09"]
[Round "1.11"]
[White "Paarup, Torsten"]
[Black "Villodre Miranda, Juan Alonso"]
[Result "1-0"]
[WhiteElo "1979"]
[BlackElo "1652"]
[PlyCount "155"]
[EventDate "2017.01.09"]
[EventType "swiss"]
[EventRounds "9"]
[EventCountry "ESP"]
[SourceTitle "Ajedrez en Madrid"]
[Source "lmi"]
[SourceDate "2017.01.09"]

1. e4 g6 2. d4 Bg7 3. Nc3 c6 4. Nf3 h6 5. Bf4 d6 6. h3 e6 7. Qd2 Ne7 8. O-O-O
d5 9. g4 Nd7 10. Bd3 b5 11. exd5 exd5 12. Bxb5 O-O 13. Bd3 Kh7 14. Rhe1 Nb6 15.
Be5 f5 16. Bxg7 Kxg7 17. Ne5 Qd6 18. Re2 Nd7 19. Rde1 Nxe5 20. Rxe5 Rf7 21. Qe3
f4 22. Qe2 Kf6 23. Na4 g5 24. Nc5 Ng6 25. Bxg6 Kxg6 26. Re8 f3 27. Qd3+ Kg7 28.
R1e5 Qf6 29. Qe3 Qf4 30. Qxf4 gxf4 31. Nd3 Bb7 32. Rxa8 Bxa8 33. Re8 Bb7 34.
Ne5 Rc7 35. Nxf3 Kf7 36. Re5 Bc8 37. Rh5 Kg7 38. Ne5 Ba6 39. Rf5 c5 40. dxc5
Rxc5 41. Rf7+ Kg8 42. Rxa7 Bf1 43. h4 d4 44. Nd7 Rc6 45. Ra8+ Kg7 46. Re8 d3
47. c3 Rd6 48. Re7+ Kg6 49. Kd2 Be2 50. h5+ Kg5 51. f3 Kh4 52. Nc5 Bf1 53. Ne4
Rb6 54. b3 Be2 55. Nc5 Bxf3 56. Nxd3 Rd6 57. c4 Bxg4 58. c5 Rd5 59. Kc3 f3 60.
c6 Kg3 61. c7 Rxd3+ 62. Kxd3 f2 63. Rf7 Kg2 64. Ke3 f1=Q 65. Rxf1 Kxf1 66. Kf4
Bc8 67. Ke5 Kf2 68. Kf6 Kg3 69. Kg6 Kg4 70. Kxh6 Bd7 71. Kg7 Kxh5 72. Kf6 Bc8
73. Ke7 Kg5 74. Kd8 Be6 75. c8=Q Bxc8 76. Kxc8 Kf5 77. b4 Ke5 78. Kc7 1-0

[Event "Madrid-ch Veteranos 2016/2017"]
[Site "Madrid ESP"]
[Date "2017.01.09"]
[Round "1.13"]
[White "Serrano Baylin, Francisco"]
[Black "Martinez Carrasco, Jesus"]
[Result "1-0"]
[WhiteElo "1962"]
[BlackElo "1636"]
[PlyCount "73"]
[EventDate "2017.01.09"]
[EventType "swiss"]
[EventRounds "9"]
[EventCountry "ESP"]
[SourceTitle "Ajedrez en Madrid"]
[Source "lmi"]
[SourceDate "2017.01.09"]

1. c4 e5 2. g3 g6 3. Bg2 Bg7 4. Nc3 d6 5. d3 Nc6 6. e4 Nge7 7. Nge2 O-O 8. O-O
f5 9. Nd5 h6 10. f4 Nxd5 11. exd5 Ne7 12. Rb1 b6 13. b4 Rb8 14. Be3 Bb7 15. Qd2
Kh7 16. b5 Re8 17. a4 a5 18. bxa6 Bxa6 19. a5 bxa5 20. Rxb8 Qxb8 21. Qxa5 Qc8
22. fxe5 Bxe5 23. Bd4 Ng8 24. Ra1 Bb7 25. Bxe5 dxe5 26. Nc3 Qd7 27. Qb4 Bc8 28.
Ra7 Ne7 29. Nb5 Nc6 30. dxc6 Qxd3 31. Rxc7+ Kh8 32. Qc3 Qd1+ 33. Bf1 f4 34.
gxf4 Qg4+ 35. Qg3 Qxf4 36. Qxf4 exf4 37. Nd6 1-0

[Event "Madrid-ch Veteranos 2016/2017"]
[Site "Madrid ESP"]
[Date "2017.01.09"]
[Round "1.14"]
[White "Benitez Cadenas, Luis Miguel"]
[Black "Gonzalez Mateos, Rafael"]
[Result "0-1"]
[WhiteElo "1595"]
[BlackElo "1955"]
[PlyCount "88"]
[EventDate "2017.01.09"]
[EventType "swiss"]
[EventRounds "9"]
[EventCountry "ESP"]
[SourceTitle "Ajedrez en Madrid"]
[Source "lmi"]
[SourceDate "2017.01.09"]

1. d4 Nf6 2. c4 e6 3. g3 d5 4. Bg2 Be7 5. Nf3 O-O 6. O-O c6 7. Bf4 dxc4 8. a4
Nd5 9. Bxb8 Rxb8 10. Ne5 Bf6 11. Nxc4 Nb6 12. Ne5 Bxe5 13. dxe5 Nc4 14. Qc2
Nxe5 15. Rd1 Qe7 16. Nc3 Bd7 17. Ne4 Rfd8 18. Rd6 f5 19. Qc5 Ng6 20. Nd2 b6 21.
Qa3 Be8 22. Ne4 Rxd6 23. Nxd6 c5 24. Nc4 Rd8 25. h4 Rd4 26. Qb3 Bf7 27. e3 Rd8
28. Qc3 h6 29. a5 b5 30. Ne5 Nxe5 31. Qxe5 Qd6 32. Qc3 c4 33. Bf1 e5 34. Be2
Qc5 35. b3 b4 36. Qc2 c3 37. Qxf5 Bxb3 38. Bd3 Rxd3 39. Qxd3 Bc4 40. Qd8+ Kh7
41. Qd7 e4 42. Qb7 Bd5 43. Qd7 c2 44. Qf5+ Kh8 0-1

[Event "Madrid-ch Veteranos 2016/2017"]
[Site "Madrid ESP"]
[Date "2017.01.09"]
[Round "1.15"]
[White "Martin Martin, Luis Vicente"]
[Black "Ramos Antona, Enrique"]
[Result "1-0"]
[WhiteElo "1943"]
[BlackElo "1593"]
[PlyCount "113"]
[EventDate "2017.01.09"]
[EventType "swiss"]
[EventRounds "9"]
[EventCountry "ESP"]
[SourceTitle "Ajedrez en Madrid"]
[Source "lmi"]
[SourceDate "2017.01.09"]

1. e4 c5 2. Nf3 d6 3. d4 cxd4 4. Qxd4 Nc6 5. Bb5 a6 6. Bxc6+ bxc6 7. c4 e5 8.
Qd3 Be7 9. O-O Nf6 10. Nc3 h6 11. Rd1 Bg4 12. h3 Bxf3 13. Qxf3 Qc7 14. b3 O-O
15. Be3 Rab8 16. Rac1 a5 17. Na4 c5 18. Bd2 Nh7 19. Nc3 Nf6 20. Qe2 Rfe8 21.
Qe1 Ra8 22. a4 Bf8 23. Nb5 Qb6 24. Rc3 Re6 25. Rd3 Ne8 26. f4 exf4 27. Bxf4 Qc6
28. Qg3 Rg6 29. Qh2 Rd8 30. e5 dxe5 31. Rxd8 exf4 32. Re1 Nf6 33. Nc3 Kh7 34.
Rxf8 Qd6 35. Rxf7 Qd4+ 36. Kh1 Qxc3 37. Rf1 Rg3 38. Rf3 Rxf3 39. gxf3 Qxf3+ 40.
Qg2 Qd1+ 41. Kh2 Nh5 42. Qe4+ Kg8 43. Rf5 Qd2+ 44. Qg2 Qd1 45. Qd5+ Qxd5 46.
cxd5 Nf6 47. d6 Kf7 48. Rxc5 Ke6 49. Rxa5 Kxd6 50. Rf5 Nd5 51. Rf7 g6 52. Rg7
Ne7 53. a5 Nc6 54. Rxg6+ Kc7 55. Rxc6+ Kxc6 56. Kg2 Kb5 57. b4 1-0

[Event "Madrid-ch Veteranos 2016/2017"]
[Site "Madrid ESP"]
[Date "2017.01.09"]
[Round "1.17"]
[White "Sotoca Aguado, Jose"]
[Black "Salgado Duarte, Pablo"]
[Result "1-0"]
[WhiteElo "1924"]
[BlackElo "1574"]
[PlyCount "87"]
[EventDate "2017.01.09"]
[EventType "swiss"]
[EventRounds "9"]
[EventCountry "ESP"]
[SourceTitle "Ajedrez en Madrid"]
[Source "lmi"]
[SourceDate "2017.01.09"]

1. e4 e5 2. Nf3 Nc6 3. Bb5 a6 4. Ba4 Nf6 5. O-O b5 6. Bb3 Be7 7. Re1 O-O 8. d3
d6 9. h3 h6 10. c3 Na5 11. Bc2 Be6 12. Nbd2 Nc6 13. Nf1 Nd7 14. Ng3 Nf6 15. d4
exd4 16. cxd4 d5 17. e5 Nd7 18. a3 Nb6 19. Qd3 g6 20. Bxh6 Re8 21. Bd2 Qd7 22.
Qe3 Nc4 23. Qh6 Nxd2 24. Qxd2 Bf8 25. Rac1 Ne7 26. Bb1 Rec8 27. Qf4 Bg7 28. Rc3
Ra7 29. Rec1 Qd8 30. Ng5 Bh6 31. h4 Qf8 32. Rc5 Bd7 33. R1c3 c6 34. Rf3 Bxg5
35. Qxg5 Re8 36. Nh5 Kh8 37. Nf6 Rd8 38. h5 Bf5 39. Bxf5 gxf5 40. Rg3 Rc7 41.
Qf4 Rcc8 42. e6 fxe6 43. Qe5 Qf7 44. Ne8+ 1-0

[Event "Madrid-ch Veteranos 2016/2017"]
[Site "Madrid ESP"]
[Date "2017.01.09"]
[Round "1.18"]
[White "Ghavami, Mahmoud"]
[Black "Marcos Herrero, Francisco"]
[Result "1/2-1/2"]
[WhiteElo "1566"]
[BlackElo "1918"]
[PlyCount "67"]
[EventDate "2017.01.09"]
[EventType "swiss"]
[EventRounds "9"]
[EventCountry "ESP"]
[SourceTitle "Ajedrez en Madrid"]
[Source "lmi"]
[SourceDate "2017.01.09"]

1. d4 Nf6 2. Nf3 c5 3. c3 g6 4. Bf4 Bg7 5. e3 O-O 6. h3 d5 7. Be2 Qb6 8. Qb3 c4
9. Qxb6 axb6 10. O-O Nc6 11. Nbd2 b5 12. a3 h5 13. Rfe1 Bf5 14. Nh4 e6 15. Nxf5
exf5 16. Bf1 Ne4 17. Rad1 Bf6 18. f3 Nxd2 19. Rxd2 Rfe8 20. Bg3 Re6 21. Bf2
Rae8 22. g3 Kg7 23. Bg2 Bd8 24. Rde2 R6e7 25. Kf1 Bc7 26. e4 fxe4 27. fxe4 dxe4
28. Rxe4 Rxe4 29. Rxe4 Rxe4 30. Bxe4 Kf8 31. Ke2 Ke7 32. Kf3 Bd6 33. Be3 Kd7
34. Bd5 1/2-1/2

[Event "Madrid-ch Veteranos 2016/2017"]
[Site "Madrid ESP"]
[Date "2017.01.09"]
[Round "1.19"]
[White "Campos Calvo-Sotelo, Juan"]
[Black "Beekhof Harmsen, Willen"]
[Result "1-0"]
[WhiteElo "1896"]
[BlackElo "1555"]
[PlyCount "91"]
[EventDate "2017.01.09"]
[EventType "swiss"]
[EventRounds "9"]
[EventCountry "ESP"]
[SourceTitle "Ajedrez en Madrid"]
[Source "lmi"]
[SourceDate "2017.01.09"]

1. b4 g6 2. Bb2 Nf6 3. c4 Bg7 4. e3 O-O 5. Nf3 d6 6. Be2 Nbd7 7. O-O c5 8. b5
a6 9. a4 Re8 10. Nc3 b6 11. Qc2 Bb7 12. Rfd1 Qc7 13. h3 a5 14. Rac1 Rad8 15.
Qb1 e5 16. d3 Re7 17. Ne4 Ne8 18. g4 f5 19. gxf5 gxf5 20. Ng3 f4 21. Nf5 Rf7
22. e4 Nf8 23. Kh2 Ne6 24. Rg1 Nd4 25. Bxd4 cxd4 26. Nh6+ Kh8 27. Nxf7+ Qxf7
28. Rg2 Bc8 29. Ng5 Qf6 30. Bh5 h6 31. Nf7+ Kg8 32. Nxd8 Qh4 33. Bg4 Bxg4 34.
Rxg4 Qxf2+ 35. Rg2 Qh4 36. Ne6 f3 37. Rg3 Qf6 38. Nxg7 Nxg7 39. Rcg1 Qf4 40.
Kh1 f2 41. Rxg7+ Kf8 42. Rg8+ Kf7 43. R1g7+ Ke6 44. Re8+ Kf6 45. Rf8+ Kxg7 46.
Rxf4 1-0

[Event "Madrid-ch Veteranos 2016/2017"]
[Site "Madrid ESP"]
[Date "2017.01.09"]
[Round "1.20"]
[White "Cupeiro Fernandez, Manuel"]
[Black "Pashov, Spas Nikolov"]
[Result "0-1"]
[WhiteElo "1525"]
[BlackElo "1870"]
[PlyCount "64"]
[EventDate "2017.01.09"]
[EventType "swiss"]
[EventRounds "9"]
[EventCountry "ESP"]
[SourceTitle "Ajedrez en Madrid"]
[Source "lmi"]
[SourceDate "2017.01.09"]

1. e4 e5 2. Nf3 Nc6 3. d4 exd4 4. Nxd4 Nf6 5. Bg5 Be7 6. Bxf6 Bxf6 7. c3 Qe7 8.
Qd3 Nxd4 9. cxd4 Qb4+ 10. Qd2 Qxd2+ 11. Nxd2 Bxd4 12. Rb1 O-O 13. Bd3 d6 14.
O-O Be6 15. b3 c6 16. Kh1 d5 17. f4 Be3 18. f5 Bxd2 19. fxe6 fxe6 20. exd5 cxd5
21. Rb2 Rxf1+ 22. Bxf1 Be3 23. g3 Rc8 24. Bh3 Kf7 25. Kg2 Rc3 26. a4 Ke7 27.
Bg4 e5 28. Bf3 e4 29. Be2 d4 30. Bc4 d3 31. Kh3 Kd6 32. Bg8 d2 0-1

[Event "Madrid-ch Veteranos 2016/2017"]
[Site "Madrid ESP"]
[Date "2017.01.09"]
[Round "1.21"]
[White "Rueda Maria, Ramiro"]
[Black "Cortijo Manso, Luis"]
[Result "1/2-1/2"]
[WhiteElo "1860"]
[BlackElo "1489"]
[PlyCount "67"]
[EventDate "2017.01.09"]
[EventType "swiss"]
[EventRounds "9"]
[EventCountry "ESP"]
[SourceTitle "Ajedrez en Madrid"]
[Source "lmi"]
[SourceDate "2017.01.09"]

1. c4 c5 2. Nc3 Nc6 3. g3 g6 4. Bg2 Bg7 5. Nf3 e6 6. O-O Nge7 7. d3 O-O 8. Be3
Nf5 9. Bxc5 d6 10. Ba3 Re8 11. e3 a6 12. Rc1 Rb8 13. c5 d5 14. Ne2 Bd7 15. e4
Nfe7 16. Qd2 Qa5 17. Qxa5 Nxa5 18. Rfd1 dxe4 19. dxe4 Bc8 20. Ned4 Nac6 21. Rc2
e5 22. Nxc6 Nxc6 23. h3 Be6 24. b3 Red8 25. Rcd2 Rxd2 26. Rxd2 Rd8 27. Bb2 Rxd2
28. Nxd2 Nb4 29. a3 Nd3 30. Bc3 Nxc5 31. b4 Nd3 32. Bf1 Ne1 33. Nc4 Nf3+ 34.
Kg2 1/2-1/2

[Event "Madrid-ch Veteranos 2016/2017"]
[Site "Madrid ESP"]
[Date "2017.01.09"]
[Round "1.22"]
[White "Osuna Osuna, Francisco"]
[Black "Garcia Martin, Esteban"]
[Result "1-0"]
[WhiteElo "1488"]
[BlackElo "1855"]
[PlyCount "51"]
[EventDate "2017.01.09"]
[EventType "swiss"]
[EventRounds "9"]
[EventCountry "ESP"]
[SourceTitle "Ajedrez en Madrid"]
[Source "lmi"]
[SourceDate "2017.01.09"]

1. e4 c5 2. Nc3 Nc6 3. f4 g6 4. Nf3 Bg7 5. Bc4 d6 6. d3 e6 7. O-O Nge7 8. Qe1
O-O 9. Qh4 d5 10. Bb3 d4 11. Ne2 b6 12. f5 exf5 13. Bh6 Qd6 14. Bxg7 Kxg7 15.
Ng5 h5 16. Nf4 Bd7 17. g4 fxg4 18. Nxf7 Rxf7 19. Nxh5+ gxh5 20. Rxf7+ Kg6 21.
Raf1 Ng8 22. Rxd7 Qxd7 23. Bxg8 Qg7 24. Bf7+ Kh7 25. Qxh5+ Qh6 26. Bg6+ 1-0

[Event "Madrid-ch Veteranos 2016/2017"]
[Site "Madrid ESP"]
[Date "2017.01.09"]
[Round "1.24"]
[White "Sierra Garcia, Ricardo"]
[Black "Esteban Amo, Jose M"]
[Result "0-1"]
[WhiteElo "1454"]
[BlackElo "1850"]
[PlyCount "80"]
[EventDate "2017.01.09"]
[EventType "swiss"]
[EventRounds "9"]
[EventCountry "ESP"]
[SourceTitle "Ajedrez en Madrid"]
[Source "lmi"]
[SourceDate "2017.01.09"]

1. e4 c5 2. Nf3 g6 3. d4 cxd4 4. Nxd4 Bg7 5. Nc3 Nc6 6. Nb3 Nf6 7. Bd3 O-O 8.
Be3 d6 9. h3 Ne5 10. Qd2 Nxd3+ 11. cxd3 Bd7 12. O-O-O b5 13. Kb1 a5 14. Bh6 Bc6
15. Rc1 b4 16. Ne2 Qd7 17. Nbd4 Bb7 18. Bxg7 Kxg7 19. g4 Rac8 20. g5 Nxe4 21.
dxe4 Bxe4+ 22. Nc2 Bxh1 23. Rxh1 b3 24. axb3 Qb7 25. Qd4+ e5 26. Qd1 Qxb3 27.
Nc1 Qb7 28. Re1 Rb8 29. b3 Qc6 30. f4 Rfe8 31. Re2 Qf3 32. fxe5 dxe5 33. Qe1
Qf5 34. h4 e4 35. Ne3 Qe6 36. Qc3+ Kg8 37. Nc4 Rec8 38. Kc2 a4 39. Kd2 axb3 40.
Rxe4 Qxe4 0-1

[Event "Madrid-ch Veteranos 2016/2017"]
[Site "Madrid ESP"]
[Date "2017.01.09"]
[Round "1.25"]
[White "Pastor Diaz, David"]
[Black "Lopez Heras, Arturo"]
[Result "0-1"]
[WhiteElo "1368"]
[BlackElo "1837"]
[PlyCount "46"]
[EventDate "2017.01.09"]
[EventType "swiss"]
[EventRounds "9"]
[EventCountry "ESP"]
[SourceTitle "Ajedrez en Madrid"]
[Source "lmi"]
[SourceDate "2017.01.09"]

1. c4 Nf6 2. Nf3 e6 3. Nc3 d5 4. cxd5 exd5 5. d4 Be7 6. e3 O-O 7. Bd3 b6 8. O-O
Ba6 9. Ne5 Bxd3 10. Qxd3 Bd6 11. f4 Re8 12. Nxd5 Nxd5 13. a3 Nf6 14. g4 Bxe5
15. g5 Nh5 16. fxe5 Rxe5 17. e4 Nc6 18. Be3 Nxd4 19. Rxf7 Nf3+ 20. Kh1 Qxd3 21.
Rxf3 Qxe4 22. Raf1 Rf8 23. Kg1 Qg4+ 0-1